000 00644nam a22002057a 4500
005 20251108171834.0
008 250721s1998 xx 000 0 ara d
082 1 4 _a641.8/موس
100 1 _aموسى، محمد
245 1 0 _aسيدتي كيف تصنعين :أشهى المشروبات الساخنة و الباردة /
264 1 _aعمان :
_bدار الإسراء،
_c1998.
300 _a95ص.
650 1 7 _aالمشروبات
650 1 7 _aالقهوة
650 1 7 _aعصائر الفاكهة
650 1 7 _aالمشروبات الخفيفة
650 1 7 _aمشروبات الكاكاو
942 _2ddc
_cBK
999 _c63951
_d63951